Tvorba opisov pracovných miest v strojárskom podniku

Analýza pracovných miest je kľúčovou činnosťou riadenia ľudských zdrojov v podniku a kvalita jej výstupov, opisu a špecifikácie pracovného miesta ovplyvňuje efektívnosť celej personálnej práce v podniku. Opis vybraných pracovných miest vo výrobnom podniku pôsobiacom v strojárskom odvetví z hľadiska...

Description complète

Enregistré dans:
Détails bibliographiques
Auteur principal: Olexová, Cecília, 1976-
Autres auteurs: Dugas, Jaroslav, 1967-, Barlašová, Terézia
Format: Chapitre de livre
Langue:slovaque
Sujets:
Tags: Ajouter un tag
Pas de tags, Soyez le premier à ajouter un tag!

MARC

LEADER 00000naa$a2200000$$$4500
001 0267948
005 20240502074214.2
041 0 |a slo 
044 |a SK 
245 1 0 |a Tvorba opisov pracovných miest v strojárskom podniku  |c Cecília Olexová, Jaroslav Dugas, Terézia Barlašová 
520 |a Analýza pracovných miest je kľúčovou činnosťou riadenia ľudských zdrojov v podniku a kvalita jej výstupov, opisu a špecifikácie pracovného miesta ovplyvňuje efektívnosť celej personálnej práce v podniku. Opis vybraných pracovných miest vo výrobnom podniku pôsobiacom v strojárskom odvetví z hľadiska metodiky aktualizácie opisov pracovných miest. Návrh univerzálne použiteľných opisov vybraných pracovných miest v strojárskych podnikoch. Národná sústava povolaní a katalóg pracovných pozícií. 
610 2 0 |a klasifikácia zamestnaní 
610 2 0 |a katalógy prác 
610 2 0 |a podnik strojársky 
610 2 0 |a miesta pracovné 
610 2 0 |a povolania 
610 2 0 |a riadenie ľudských zdrojov 
610 2 0 |a práca personálna 
100 1 |a Olexová, Cecília, 1976- 
700 1 |a Dugas, Jaroslav, 1967- 
700 1 |a Barlašová, Terézia